skbl

Dr Suryya Kumar Bhuyan Library Web-OPAC
ডঃ সূৰ্য্য
কুমাৰ ভূঞা পুথিভঁৰাল ৱেব-অ'পেক

All Research Scholars are advised to clear the annual library fees to continue using Library Resources, Remote Access, Plagiarism Test and Library Clearance.

Cotton University Book Fair 2026

Operations Research: An Introduction / (Record no. 21413)

MARC details
000 -LEADER
fixed length control field 00823nam a2200313Ia 4500
001 - CONTROL NUMBER
control field 21431
005 - DATE AND TIME OF LATEST TRANSACTION
control field 20240114000557.0
007 - PHYSICAL DESCRIPTION FIXED FIELD--GENERAL INFORMATION
fixed length control field ta
008 - FIXED-LENGTH DATA ELEMENTS--GENERAL INFORMATION
fixed length control field 060304s2002 a g b000 u 465 u
020 ## - INTERNATIONAL STANDARD BOOK NUMBER
International Standard Book Number 81-7808-757-X
040 ## - CATALOGING SOURCE
Original cataloging agency Cotton College,Assam
041 ## - LANGUAGE CODE
Language code of text/sound track or separate title 465
082 ## - DEWEY DECIMAL CLASSIFICATION NUMBER
Classification number 311
Item number Ta 13 Op
100 ## - MAIN ENTRY--PERSONAL NAME
Personal name Taha, Hamdy A..
245 #0 - TITLE STATEMENT
Title Operations Research: An Introduction /
Statement of responsibility, etc. Hamdy A.Taha.
Medium Textual Documents
250 ## - EDITION STATEMENT
Edition statement 7th ed. /
260 ## - PUBLICATION, DISTRIBUTION, ETC.
Place of publication, distribution, etc. Delhi :
Name of publisher, distributor, etc. Person Education Ltd. ,
Date of publication, distribution, etc. C2002.
300 ## - PHYSICAL DESCRIPTION
Extent xvi,829p. :
Other physical details ill ;
Dimensions 23cm .
500 ## - GENERAL NOTE
General note With CD
504 ## - BIBLIOGRAPHY, ETC. NOTE
Bibliography, etc. note Index
653 ## - INDEX TERM--UNCONTROLLED
Uncontrolled term Mathematics
653 ## - INDEX TERM--UNCONTROLLED
Uncontrolled term Operations Research
653 ## - INDEX TERM--UNCONTROLLED
Uncontrolled term Deptt.-Mathematics
653 ## - INDEX TERM--UNCONTROLLED
Uncontrolled term PG-Mathematics
942 ## - ADDED ENTRY ELEMENTS (KOHA)
Source of classification or shelving scheme Dewey Decimal Classification
Koha item type Books
Holdings
Withdrawn status Lost status Damaged status Not for loan Collection Home library Current library Date acquired Coded location qualifier Total checkouts Full call number Barcode Date last seen Copy number Price effective from Koha item type
          Dr. Suryya Kumar Bhuyan Library Dr. Suryya Kumar Bhuyan Library 01/02/2012 00000   311 Ta 13 Op 1475/Math 14/01/2024 1 01/02/2012 Books
          Dr. Suryya Kumar Bhuyan Library Dr. Suryya Kumar Bhuyan Library 01/02/2012 00000   311 Ta 13 Op 1474/Math 14/01/2024 2 01/02/2012 Books

Designed and Maintained by Team SKBL
©1901-2026

Powered by Koha